Complete these capital cities names - Click Sprint - Statistics

General Stats
  • This quiz has been taken 112 times
  • The average score is 14 of 22
Answer Stats
Hint Answer % Correct
Cape Town
80%
Andorra la Vella
73%
Kuala Lumpur
73%
Phnom Penh
73%
Buenos Aires
72%
Mexico City
70%
N' Djamena
66%
Santo Domingo
66%
São Tomé
66%
Sri Jayawardenepura Kotte
65%
La Paz
65%
Port-au- Prince
65%
Addis Ababa
63%
Bandar Seri Begawan
63%
San José
56%
Port-of- Spain
56%
Nukuʻ alofa
54%
Saint John's
54%
Porto- Novo
54%
New Delhi
52%
Port Moresby
51%
South Tarawa
51%
No matching quizzes found
Score Distribution
Percent of People with Each Score
Percentile by Number Answered
Your Score History
You have not taken this quiz